00401 a2200109 4500001000900000005001700009008004100026245010800067100002800175773007100203999001700274ART_749720260410161720.0260409a 10aAnálisis de la actividad de los organismos nacionales e internacionales para combatir la corrupción1 aLópez, Ricardo Daniel0 tContabilidad y auditoríag- Año 8, Nº 16 (dic. 2002)wREV1723 c16873d16873